000 00655cam a2200229 4500500
005 20260405002502.0
041 _afre
042 _adc
100 1 0 _aLacroix, Alexandre
_eauthor
245 0 0 _aDéliés, plutôt que pleins
260 _c2017.
500 _a60
690 _aAlexandre Lacroix
690 _aEffort
690 _aÉpure
690 _aInnocence
690 _aMiles Davis
690 _aSimplicité
690 _aWittgenstein
786 0 _nPhilosophie magazine | 111 | 7-8 | 2017-07-01 | p. 29-31 | 1951-1787
856 4 1 _uhttps://shs.cairn.info/magazine-philosophie-magazine-2017-7-8-page-29?lang=fr&redirect-ssocas=7080
999 _c2058118
_d2058118